000 01014nam a2200217Ia 4500
999 _c39207
_d39207
001 5793
003 GE_BSU
005 20190602015312.0
008 181216s1975||||ge |||||||||||||| ||geo||
040 _cGE_BSU
041 _ageo
080 _a629.114/115 + 662.6/.9 მ-40
100 _aმაღალაშვილი, ვ.
_91956
245 _aსაავტოტრაქტორო საექსპლოატაციო მასალები :
_bსახელმძღვ. /
_cვ. მაღალაშვილი ; რედ. ალ. ქებულაძე.
264 _aთბილისი :
_bგანათლება,
_c1975.
300 _a131 გვ. :
_bნახაზები ;
_c20 სმ.
504 _aბიბლიოგრ. : გვ.128.
653 _aსაავტოტრაქტორო საექსპლოატაციო მასალები
700 _aქებულაძე. ალ.
_eრედაქტორი
_91267
942 _cBK
_2udc